=LDR 00000nam 2200000 4500 =001 INLIS000000000036476 =005 20200422104412 =035 ##$$a 0010-061300000036476 =008 200422################g##########0#ind## =041 ##$$a Ind =082 ##$$a 2x3.131 =090 ##$$a 2x3.131, Mub =100 1#$$a Mubin,nurul =245 1#$$a Wal 'Ashr, menyingkap tirai rahasia sumpah Allah terhadapa masa /$c Nurul Mubin =260 ##$$a Yogyakarta :$b Diva Press,$c 2007 =300 ##$$a 237 hl., ; $c 14 x 21 cm =850 ##$$a NBPNMAT =020 ##$$a 979-963-985-0 =084 ##$$a 2x3.131 MUB w =250 ##$$a cet.1 =650 #4$$a Iman kepada Allah =990 ##$$a 00085322 =990 ##$$a 20900830 =990 ##$$a 20900831 =990 ##$$a 0001/BPAP-NTB/20142014 =990 ##$$a 0001/BPAP-NTB/20142014 =990 ##$$a 0001/BPAP-NTB/2015 =990 ##$$a 20900830 =990 ##$$a 00085322 =990 ##$$a 20900831 =990 ##$$a 0001/BPAP-NTB/20142014 =990 ##$$a 00085322 =990 ##$$a 20900830 =990 ##$$a 20900831 =990 ##$$a 0001/BPAP-NTB/20142014 =990 ##$$a 20900831 =990 ##$$a 00085322 =990 ##$$a 20900830 =990 ##$$a 0001/BPAP-NTB/20142014 =990 ##$$a 20900832 =990 ##$$a 00085322 =990 ##$$a 20900830 =990 ##$$a 20900831